书目信息 |
| 题名: |
永恒的伊甸园——巴比伦
|
|
| 作者: | 李伟智 著 | |
| 分册: | ||
| 出版信息: | 北京 中国环境科学出版社 2006 |
|
| 页数: | 210页 | |
| 开本: | 20cm | |
| 丛书名: | 正说世界 | |
| 单 册: | ||
| 中图分类: | K124.3 | |
| 科图分类: | ||
| 主题词: | 世界史--普及读物 , 世界史:古代史 , 奴隶制城邦 | |
| 电子资源: | ||
| ISBN: | 7-80135-706-X | |
| 000 | 00741nam0 2200253 45 | |
| 001 | 012000045517 | |
| 005 | 20061219105712.45 | |
| 010 | @a7-80135-706-X@dCNY28.00 | |
| 100 | @a20001016d2006 em y0chiy0120 ea | |
| 101 | 0 | @achi |
| 102 | @aCN@b110000 | |
| 105 | @ay z 000yy | |
| 200 | 1 | @a永恒的伊甸园——巴比伦@AYong Heng De Yi Dian Yuan—— Ba Bi Lun@f李伟智著@FLi Wei Zhi Zhu |
| 210 | @a北京@c中国环境科学出版社@c学苑音像出版社@d2006 | |
| 215 | @a210页@c插图@d20cm | |
| 225 | @a正说世界 | |
| 410 | @12001 @a正说世界 | |
| 606 | @a世界史@x普及读物 | |
| 606 | 0 | @a世界史:古代史 |
| 606 | 0 | @a奴隶制城邦 |
| 690 | @aK124.3@v4 | |
| 701 | 0 | @a李伟智@ALi Wei Zhi@4著 |
| 801 | 0 | @aCN@b中图数据@c20061219 |
| 905 | @a10447@dK124.3@e154 | |
| 永恒的伊甸园——巴比伦/李伟智著.-北京:中国环境科学出版社:学苑音像出版社,2006 |
| 210页:插图;20cm.-(正说世界) |
| ISBN 7-80135-706-X:CNY28.00 |
| ● |
| 相关链接 |
|
|
|
|
正题名:永恒的伊甸园——巴比伦
索取号:K124.3/154
 
预约/预借
| 序号 | 登录号 | 条形码 | 馆藏地/架位号 | 状态 | 备注 |
| 1 | 0620404 | 206204043 | 第二样本阅览室/ [索取号:K124.3/154] | 在馆 | |
| 2 | 0620405 | 206204052 | 第二借阅区/ [索取号:K124.3/154] | 在馆 | |
| 3 | 0620406 | 206204061 | 第二借阅区/ [索取号:K124.3/154] | 在馆 | |
| 4 | 0620407 | 206204070 | 第二借阅区/ [索取号:K124.3/154] | 在馆 | |
| 5 | 0620408 | 206204089 | 第二借阅区/ [索取号:K124.3/154] | 在馆 | |
| 6 | 0620409 | 206204098 | 第二借阅区/ [索取号:K124.3/154] | 在馆 |